Guide to surviving nursing school / (Record no. 474)

MARC details
000 -LEADER
fixed length control field 01026pam a2200337 a 4500
001 - CONTROL NUMBER
control field 3887427
003 - CONTROL NUMBER IDENTIFIER
control field OSt
005 - DATE AND TIME OF LATEST TRANSACTION
control field 20210219170542.0
008 - FIXED-LENGTH DATA ELEMENTS--GENERAL INFORMATION
fixed length control field 900816s1991 pau b 001 0 eng c
010 ## - LIBRARY OF CONGRESS CONTROL NUMBER
LC control number 90010260
020 ## - INTERNATIONAL STANDARD BOOK NUMBER
International Standard Book Number 087434316X
040 ## - CATALOGING SOURCE
Original cataloging agency DNLM/DLC
Transcribing agency DLC
Modifying agency DLC
-- PHNSL
050 00 - LIBRARY OF CONGRESS CALL NUMBER
Classification number RT73
Item number .R35 1991
060 ## - NATIONAL LIBRARY OF MEDICINE CALL NUMBER
Classification number WY 18 R333g
082 00 - DEWEY DECIMAL CLASSIFICATION NUMBER
Classification number 610.73/071/1
Edition number 20
100 1# - MAIN ENTRY--PERSONAL NAME
Personal name Regan, Joan M.
245 10 - TITLE STATEMENT
Title Guide to surviving nursing school /
Statement of responsibility, etc. Joan M. Regan, Joanne Trekas.
260 ## - PUBLICATION, DISTRIBUTION, ETC.
Place of publication, distribution, etc. Springhouse, Pa. :
Name of publisher, distributor, etc. Springhouse Corp.,
Date of publication, distribution, etc. 1991.
300 ## - PHYSICAL DESCRIPTION
Extent 128 p. ;
Dimensions 23 cm.
440 #0 - SERIES STATEMENT/ADDED ENTRY--TITLE
Title Springhouse notes
504 ## - BIBLIOGRAPHY, ETC. NOTE
Bibliography, etc. note Includes bibliographical references and index.
650 #0 - SUBJECT ADDED ENTRY--TOPICAL TERM
Topical term or geographic name entry element Nursing
General subdivision Study and teaching.
650 #0 - SUBJECT ADDED ENTRY--TOPICAL TERM
Topical term or geographic name entry element Nursing students
General subdivision Psychology.
650 #2 - SUBJECT ADDED ENTRY--TOPICAL TERM
Topical term or geographic name entry element Curriculum.
650 #2 - SUBJECT ADDED ENTRY--TOPICAL TERM
Topical term or geographic name entry element Education, Nursing.
650 #2 - SUBJECT ADDED ENTRY--TOPICAL TERM
Topical term or geographic name entry element Students, Nursing
General subdivision psychology.
700 1# - ADDED ENTRY--PERSONAL NAME
Personal name Trekas, Joanne.
906 ## - LOCAL DATA ELEMENT F, LDF (RLIN)
a 7
b cbc
c orignew
d 1
e ocip
f 19
g y-gencatlg
942 ## - ADDED ENTRY ELEMENTS (KOHA)
Source of classification or shelving scheme Library of Congress Classification
Koha item type Books
Holdings
Withdrawn status Lost status Source of classification or shelving scheme Damaged status Not for loan Home library Current library Shelving location Date acquired Total Checkouts Full call number Barcode Date last seen Copy number Price effective from Koha item type Public note
    Library of Congress Classification     Public Health Nurses School Public Health Nurses School General Stacks 02/19/2021   RT73.R26 00780 02/19/2021 c.1 02/19/2021 Books kd 19/02/21
    Library of Congress Classification     Public Health Nurses School Public Health Nurses School General Stacks 02/19/2021   RT73.R26 00781 02/19/2021 c.2 02/19/2021 Books kd 19/02/21
    Library of Congress Classification     Public Health Nurses School Public Health Nurses School General Stacks 02/19/2021   RT73.R26 00782 02/19/2021 c.3 02/19/2021 Books kd 19/02/21
    Library of Congress Classification     Public Health Nurses School Public Health Nurses School General Stacks 02/19/2021   RT73.R26 00783 02/19/2021 c.4 02/19/2021 Books kd 19/02/21
Copyright © 2025 PHNS Library. All Rights Reserved.